Los amantes de Teruel : (Record no. 68571)

MARC details
000 -LEADER
campo de control de longitud fija 01124nam a2200241 i 4500
001 - NÚMERO DE CONTROL
campo de control 68571
003 - IDENTIFICADOR DE NÚMERO DE CONTROL
campo de control ES-MaACL
005 - FECHA Y HORA DE LA ÚLTIMA TRANSACCIÓN
campo de control 20250827090954.0
007 - CAMPO FIJO DE DESCRIPCIÓN FÍSICA--INFORMACIÓN GENERAL
campo de control de longitud fija t|
008 - DATOS DE LONGITUD FIJA--INFORMACIÓN GENERAL
campo de control de longitud fija 040701s1907 sp ||||1| spa d
245 04 - MENCIÓN DEL TÍTULO
Título Los amantes de Teruel :
Resto del título Antonio Serón y su Silva a Cintia : (poesía latina inédita del siglo XVI) /
Mención de responsabilidad, etc. precedida de un prólogo de Domingo Gascón y Guimbao ; seguida de la traducción castellana y de la bibliografía de los amantes.
246 3# - FORMA VARIANTE DEL TITULO
Título propio/Titulo breve Silva a Cintia
260 ## - PUBLICACIÓN, DISTRIBUCIÓN, ETC.
Lugar de publicación, distribución, etc. Madrid :
Nombre del editor, distribuidor, etc. [s.n.],
Fecha de publicación, distribución, etc. 1907 (
Fabricante Imp. de los Hijos de M.G. Hernández)
300 ## - DESCRIPCIÓN FÍSICA
Extensión 168, [12] p., [6] h. de lám. :
Otras características físicas il. ;
Dimensiones 19 cm.
530 ## - NOTA DISPONIBLE DE FORMULARIO FÍSICO ADICIONAL
Nota de formato físico adicional disponible Disponible en formato digital.
630 #4 - PUNTO DE ACCESO ADICIONAL DE MATERIA--TÍTULO UNIFORME
Título uniforme Los amantes de Teruel-
Subdivisión de forma Bibliografías.
9 (RLIN) 171902
650 #7 - PUNTO DE ACCESO ADICIONAL DE MATERIA--TÉRMINO DE MATERIA
Término de materia o nombre geográfico como elemento de entrada Amantes de Teruel (Leyenda)
Fuente del encabezamiento o término embne
9 (RLIN) 150826
700 1# - ENTRADA AGREGADA--NOMBRE PERSONAL
Nombre de persona Serón, Antonio.
9 (RLIN) 105594
700 1# - ENTRADA AGREGADA--NOMBRE PERSONAL
Nombre de persona Gascón y Guimbao, Domingo.
9 (RLIN) 55865
852 ## - LOCALIZACIÓN
Ubicación ES-MaACL
Número de control de estantería T-1172-F-1
Nota libre - Dedicatoria autógrafa de Domingo Gascón
856 ## - LOCALIZACIÓN Y ACCESO ELECTRÓNICOS
Identificador Uniforme de Recursos <a href="http://bibliotecadigital.jcyl.es/es/consulta/registro.do?id=32599">http://bibliotecadigital.jcyl.es/es/consulta/registro.do?id=32599</a>
Nota pública Biblioteca Digital de Castilla y León
Holdings
Estatus retirado Estado de pérdida Estado de daño No para préstamo Colección Biblioteca de origen Biblioteca actual Ubicación en estantería Fecha de adquisición Fuente de adquisición Total de préstamos Signatura topográfica completa Código de barras Visto por última vez Precio de reemplazo Tipo de ítem Koha
        Colección de folletos Biblioteca del Ateneo de Madrid Biblioteca del Ateneo de Madrid Depósito folletos 17/01/2008     T-1172-F-1 1071786 23/02/2023 23/02/2023 Folleto